000 00269nam a2200109Ia 4500
008 190914s9999||||xx |||||||||||||| ||und||
100 _aGulnar Afreen
245 0 _aAnso Shabnam aur Ghulab
260 _aKarachi
_bCanvas Communications
_c2004
300 _a428
942 _cBK
999 _c9426
_d9426